Top NRL Supercoach scorer by Position - Statistics

General Stats
  • This quiz has been taken 22 times
  • The average score is 31 of 63
Answer Stats
Hint Answer % Correct
2021 HOK Brandon Smith
89%
2019 HOK Cameron Smith
89%
2017 HOK Cameron Smith
89%
2016 HOK Cameron Smith
89%
2015 HOK Cameron Smith
89%
2023 HOK Harry Grant
83%
2022 HOK Harry Grant
83%
2020 FLB James Tedesco
83%
2019 FLB James Tedesco
83%
2020 HFB Nathan Cleary
83%
2017 HFB Nathan Cleary
83%
2021 HFB Daly Cherry-Evans
78%
2018 HFB Daly Cherry-Evans
78%
2023 5/8 Kalyn Ponga
72%
2023 HFB Nicholas Hynes
72%
2022 HFB Nicholas Hynes
72%
2022 FLB Nicholas Hynes
72%
2019 CTW Latrell Mitchell
67%
2021 FLB Tom Trbojevic
67%
2018 FLB Tom Trbojevic
67%
2017 CTW Tom Trbojevic
67%
2017 FLB Tom Trbojevic
67%
2018 FRF Andrew Fifita
61%
2020 HOK Damien Cook
61%
2018 HOK Damien Cook
61%
2023 2RF David Fifita
61%
2022 5/8 Dylan Brown
61%
2023 FRF Addin Fonua-Blake
56%
2018 2RF Jake Trbojevic
56%
2016 HFB Shaun Johnson
56%
2015 HFB Johnathan Thurston
50%
2015 5/8 Johnathan Thurston
50%
2021 5/8 Cody Walker
44%
2020 5/8 Cody Walker
44%
2018 5/8 Cody Walker
44%
2019 FRF James Fisher-Harris
44%
2022 FRF Isaiah Papali'i
39%
2022 2RF Isaiah Papali'i
39%
2021 FRF Isaiah Papali'i
39%
2021 2RF Isaiah Papali'i
39%
2019 HFB Mitchell Moses
39%
2019 5/8 Mitchell Moses
39%
2021 CTW Reuben Garrick
39%
2023 CTW Jamayne Isaako
33%
2023 FLB Jamayne Isaako
33%
2017 FRF Paul Gallen
33%
2017 2RF Paul Gallen
33%
2015 CTW Roger Tuivasa-Sheck
33%
2015 FLB Roger Tuivasa-Sheck
33%
2015 FRF Corey Parker
28%
2022 CTW Joseph Manu
22%
2016 FLB Jordan Rapana
17%
2018 CTW Blake Ferguson
11%
2016 2RF Bryce Cartwright
11%
2016 5/8 Bryce Cartwright
11%
2017 5/8 Gareth Widdop
11%
2016 CTW Jarrod Croker
11%
2019 2RF Ryan Matterson
11%
2020 FRF David Klemmer
6%
2020 CTW David Nofoaluma
6%
2015 2RF Simon Mannering
6%
2020 2RF Cameron McInnes
0%
2016 FRF Ryan James
0%
No matching quizzes found
Score Distribution
Percent of People with Each Score
Percentile by Number Answered
Your Score History
You have not taken this quiz